Miradas coloniales : (Record no. 196344)
[ view plain ]
| 000 -LEADER | |
|---|---|
| campo de control de longitud fija | 02471nam a2200325 i 4500 |
| 001 - NÚMERO DE CONTROL | |
| campo de control | 196344 |
| 003 - IDENTIFICADOR DE NÚMERO DE CONTROL | |
| campo de control | SpMaBN |
| 005 - FECHA Y HORA DE LA ÚLTIMA TRANSACCIÓN | |
| campo de control | 20250716063355.0 |
| 007 - CAMPO FIJO DE DESCRIPCIÓN FÍSICA--INFORMACIÓN GENERAL | |
| campo de control de longitud fija | t| |
| 008 - DATOS DE LONGITUD FIJA--INFORMACIÓN GENERAL | |
| campo de control de longitud fija | 240917|2024 xx |||||||||||||| ||spa|| |
| 017 ## - NÚMERO DE COPYRIGHT O DE DEPÓSITO LEGAL | |
| Número de copyright o de depósito legal | M 16656-2024 |
| Agencia que asigna | Oficina Depósito Legal Madrid |
| 020 ## - NÚMERO INTERNACIONAL ESTÁNDAR DEL LIBRO | |
| Número Internacional Estándar del Libro | 9788410670693 |
| 040 ## - FUENTE DE CATALOGACIÓN | |
| Centro catalogador/agencia de origen | SpMaBN |
| Lengua de catalogación | spa |
| Centro/agencia transcriptor | SpMaBN |
| Normas de descripción | rda |
| Centro/agencia modificador | ES-MaACL |
| 100 1# - ENTRADA PRINCIPAL--NOMBRE DE PERSONA | |
| 9 (RLIN) | 94278 |
| Nombre de persona | Puig-Samper, Miguel Ángel |
| Término indicativo de función/relación | Autor |
| 245 10 - MENCIÓN DEL TÍTULO | |
| Título | Miradas coloniales : |
| Resto del título | fotografía antropológica y colonialismo visual / |
| Mención de responsabilidad, etc. | Miguel Ángel Puig-Samper ; prólogo de Rafael Sagredo Baeza. |
| 260 ## - PUBLICACIÓN, DISTRIBUCIÓN, ETC. | |
| Lugar de publicación, distribución, etc. | Madrid : |
| Nombre del editor, distribuidor, etc. | Los Libros de la Catarata, |
| Fecha de publicación, distribución, etc. | 2024. |
| 300 ## - DESCRIPCIÓN FÍSICA | |
| Extensión | 205 páginas ; |
| Otras características físicas | 15 cm |
| 336 ## - TIPO DE CONTENIDO | |
| Fuente | rdacontent |
| Término de tipo de contenido | texto |
| 337 ## - TIPO DE MEDIO | |
| Fuente | rdamedia |
| Nombre/término del tipo de medio | sin mediación |
| 338 ## - TIPO DE SOPORTE | |
| Fuente | rdacarrier |
| Nombre/término del tipo de soporte | volumen |
| 520 ## - RESUMEN, ETC. | |
| Sumario, etc. | Esta obra es el resultado de una investigación profunda que reúne un centenar de fotografías, de estudio y documentales, sobre la mirada colonialista. Todas las imágenes corresponden a una época en que una parte de la humanidad, la occidental, violentaba y exhibía a la otra parte, cosificándola, considerándola bárbara o atrasada. El colonialismo y el imperialismo que los europeos y estadounidenses practicaron a lo largo del siglo XIX y comienzos del XX calificaron de “diferentes” o “salvajes” a los dominados, una caracterización que legitimaba la apropiación de sus territorios y la explotación de sus recursos, además de su sometimiento; en definitiva, para los dominadores los pueblos colonizados eran culturas inferiores, destinadas a desaparecer por el “avance de la civilización”. Las fotografías que incluye este volumen documentan el proceso de construcción del “otro” a través de una supuesta objetividad impuesta por los “mediadores”; una mirada occidental que, como señala el autor, está “marcada por una visión supremacista hacia lo que se consideraba exótico, bárbaro, feo, atrasado, pobre y salvaje”. |
| 700 ## - ENTRADA AGREGADA--NOMBRE PERSONAL | |
| 9 (RLIN) | 237345 |
| Nombre de persona | Sagredo Baeza, Rafael, |
| Fechas asociadas al nombre | 1959- |
| Término indicativo de función/relación | Autor de introducción |
| 852 ## - LOCALIZACIÓN | |
| Ubicación | ES-MaACL |
| Ubicación en estantería | Depósito J |
| Número de control de estantería | N-10114 |
| Anotaciones manuscritas | Dedicatoria autógrafa del autor |
| Donativo/Legado | Donación: Miguel Ángel Puig-Samper |
| Encuadernación | Encuadernación rústica |
| itemnumber | 206233 |
| 903 ## - NOMBRE PERSONAL DE DONANTE | |
| 9 | 94278 |
| a | Puig-Samper, Miguel Ángel |
| e | Donante |
| 942 ## - ELEMENTOS DE ENTRADA SECUNDARIOS (KOHA) | |
| Tipo de ítem Koha | Libro impreso |
| Suprimir en OPAC | No |
| Estatus retirado | Estado de pérdida | Fuente del sistema de clasificación o colocación | Estado de daño | No para préstamo | Biblioteca de origen | Biblioteca actual | Ubicación en estantería | Fecha de adquisición | Fuente de adquisición | Total de préstamos | Signatura topográfica completa | Código de barras | Visto por última vez | Precio de reemplazo | Tipo de ítem Koha |
|---|---|---|---|---|---|---|---|---|---|---|---|---|---|---|---|
| Clasificación decimal universal | Biblioteca del Ateneo de Madrid | Biblioteca del Ateneo de Madrid | Depósito J | 14/07/2025 | Donación | N-10114 | 2025-0624 | 14/07/2025 | 14/07/2025 | Libro impreso |
